Rock your baby / (Record no. 45809)

MARC details
000 -LEADER
fixed length control field 00818njm a22002537a 4500
005 - DATE AND TIME OF LATEST TRANSACTION
control field 20100914154515.0
007 - PHYSICAL DESCRIPTION FIXED FIELD--GENERAL INFORMATION
fixed length control field sd ammalaaahaa
008 - FIXED-LENGTH DATA ELEMENTS--GENERAL INFORMATION
fixed length control field 100913t xxu||||| |||| 00| 0 hin d
028 ## - PUBLISHER NUMBER
Publisher number KPLI 0501
Source RCA
035 ## - SYSTEM CONTROL NUMBER
System control number GR-02474
040 ## - CATALOGING SOURCE
Original cataloging agency SED/VEN
100 ## - MAIN ENTRY--PERSONAL NAME
Personal name McCrae, George
9 (RLIN) 1184
245 ## - TITLE STATEMENT
Title Rock your baby /
Statement of responsibility, etc by George McCrae
Medium [sound recording] :
260 ## - PUBLICATION, DISTRIBUTION, ETC. (IMPRINT)
Place of publication, distribution, etc Dum Dum India
Name of publisher, distributor, etc RCA
300 ## - PHYSICAL DESCRIPTION
Extent 1 sound disc [Gramophone record] :
Other physical details analog, 33 1/3 rpm
Dimensions 12.5 in. (LP)
Type of unit Gramophone Record
500 ## - GENERAL NOTE
General note Brief Record
500 ## - GENERAL NOTE
General note Record label :RCA, Yellow
600 ## - SUBJECT ADDED ENTRY--PERSONAL NAME
Personal name Mcrae, George
9 (RLIN) 19992
650 ## - SUBJECT ADDED ENTRY--TOPICAL TERM
Topical term or geographic name as entry element English Film Songs
General subdivision Excerpts
Geographic subdivision India
9 (RLIN) 19603
700 ## - ADDED ENTRY--PERSONAL NAME
9 (RLIN) 19604
700 ## - ADDED ENTRY--PERSONAL NAME
9 (RLIN) 19605
942 ## - ADDED ENTRY ELEMENTS (KOHA)
Source of classification or shelving scheme Dewey Decimal Classification
Item type Gramaphone Records
Holdings
Withdrawn status Lost status Source of classification or shelving scheme Damaged status Not for loan Collection code Home library Current library Date acquired Source of acquisition Total Checkouts Barcode Date last seen Copy number Price effective from Koha item type
    Dewey Decimal Classification   Not For Loan Non-fiction Central Library Central Library 14/09/2010 SED/VEN   GR-02474 14/09/2010 1 14/09/2010 Gramaphone Records

© Delhi Public Library
Hit Counter
free hit counter